Представление документа в формате MARC21

Поле Инд. ПП Название Значение
Тип записи a
Библиографический уровень b
001 Контрольный номер UNIDUBNA1388fca9e7be47479acfd827667f8fe1
005 Дата корректировки 20250603164318.4
008 Кодируемые данные 20170331
040 b Код языка каталог. rus
e Правила каталог. PSBO
041 0_ a Код языка текста rus
084 a Индекс другой классификации/Индекс ББК 60.992-35; 88.945
100 1_ a Автор Щербакова О. В.
245 10 a Заглавие Применение инновационных технологий для обеспечения досуга граждан, находящихся на обслуживании на дому
520 0_ a Аннотация Деятельность сотрудников службы социального обслуживания на дому способствуют тому, чтобы преклонные годы, прожитые старшим поколением не стали поводом для уныния, а жизненных сил хватило надолго.
650 14 a Основная рубрика практическая психология (прикладная психология)
a Основная рубрика психология
a Основная рубрика психотерапия
a Основная рубрика социальная работа
653 0_ a Ключевые слова досуг
a Ключевые слова инновационные технологии
a Ключевые слова комплексная реабилитация
a Ключевые слова коррекционно-реабилитационная работа
a Ключевые слова пожилые люди
a Ключевые слова психосоциальная реабилитация
a Ключевые слова психотерапевтические методы
a Ключевые слова реабилитационные технологии
a Ключевые слова ретротерапия
a Ключевые слова социальное обслуживание на дому
a Ключевые слова социальное сопровождение
a Ключевые слова центры социального обслуживания
773 08 t Заглавие источника Работник социальной службы
d Дата издания источника 2023
g Прочая информация № 6. - С. 33 - 37
w Контрольный № источника UNIDUBNA80fdad96125a4f3d9570f2d64f3d3f56
901 t Тип документа b